书目信息 |
| 题名: |
电子电路设计基础
|
|
| 作者: | 斯潘塞, 著 | |
| 分册: | ||
| 出版信息: | 北京 电子工业出版社 2004.02 |
|
| 页数: | 1132页 | |
| 开本: | 24cm | |
| 丛书名: | 国外电子与通信教材系列 | |
| 单 册: | ||
| 中图分类: | TN710.02 | |
| 科图分类: | ||
| 主题词: | 电子电路--电路设计--教材 | |
| 电子资源: | ||
| ISBN: | 7-5053-9578-5 | |
| 000 | 01268nam 2200301 450 | |
| 001 | 0140187827 | |
| 005 | 20050919172511.07 | |
| 010 | @a7-5053-9578-5@dCNY98.00(含光盘) | |
| 100 | @a20050115d2004 km y0chiy0120 ea | |
| 101 | 0 | @aeng |
| 102 | @aCN@b110000 | |
| 105 | @aa z 000yy | |
| 200 | 1 | @a电子电路设计基础@Adian zi dian lu she ji ji chu@e英文版@f(美) Richard R.Spencer,(美) Mohammed S.Ghausi著@F(mei)Richard R.Spencer,(mei)Mohammed S.Ghausi zhu |
| 205 | @a影印版 | |
| 210 | @a北京@c电子工业出版社@d2004.02 | |
| 215 | @a1132页@c图@d24cm@e光盘1片 | |
| 225 | 2 | @a国外电子与通信教材系列 |
| 304 | @a书名原文: Introduction to Electronic Circuit Design | |
| 306 | @a本书英文影印版由电子工业出版社和Pearson Education培生教育出版亚洲有限公司合作出版 | |
| 307 | @a光盘ISBN 7-89496-323-2 | |
| 330 | @a本书内容包括电子电路设计、半导体物理与电子器件、固态器件制造、计算机辅助设计的工具与技巧、运算放大器、数据转换器、门级数字电路、晶体管数字电路等。 | |
| 410 | 0 | @12001 @a国外电子与通信教材系列 |
| 510 | 1 | @aIntroduction to Electronic Circuit Design@zeng |
| 606 | 0 | @a电子电路@x电路设计@x教材 |
| 690 | @aTN710.02@v4 | |
| 701 | 1 | @a斯潘塞,@Asi pan sai,@bR.R.@g(Spencer, Richard R.)@4著 |
| 801 | 0 | @aCN@bQSSK@c20050919 |
| 905 | @a10447@dTN710.02@eS709 | |
| 电子电路设计基础:英文版/(美) Richard R.Spencer,(美) Mohammed S.Ghausi著.-影印版.-北京:电子工业出版社,2004.02 |
| 1132页:图;24cm+光盘1片.-(国外电子与通信教材系列) |
| ISBN 7-5053-9578-5:CNY98.00(含光盘) |
| 本书内容包括电子电路设计、半导体物理与电子器件、固态器件制造、计算机辅助设计的工具与技巧、运算放大器、数据转换器、门级数字电路、晶体管数字电路等。 |
| ● |
| 相关链接 |
|
|
|
正题名:电子电路设计基础
索取号:TN710.02/S709
 
预约/预借
| 序号 | 登录号 | 条形码 | 馆藏地/架位号 | 状态 | 备注 |
| 1 | 524537 | 205245377 | 自科库301/301自科库 31排1列5层/ [索取号:TN710.02/S709] | 在馆 | |
| 2 | 524538 | 205245386 | 自科库301/301自科库 31排1列5层/ [索取号:TN710.02/S709] | 在馆 |